Hombre y entropía /

Este volumen ofrece una visión integral sobre el conocimiento actual desde la perspectiva filosófica de la teoría de Sistemas.

Sparad:
Bibliografiska uppgifter
Huvudupphov: Césarman, Eduardo (autor)
Materialtyp: Bok
Språk:spanska
Utgiven: México : Gernika, 1992
Upplaga:2a edición
Serie:(Termodinámica Social ; 1)
Ämnen:
Taggar: Lägg till en tagg
Inga taggar, Lägg till första taggen!

MARC

LEADER 00000nam^a2200000^a^4500
001 000041081
005 20250521000000.0
009 20260310085646.395
020 |a 968-6599-21-5 
037 |a Acervo ITESO - Biblioteca 
041 |a ESP 
082 |a 128.  |b CES 
100 |a Césarman, Eduardo  |e (autor) 
245 1 0 |a Hombre y entropía /  |c Eduardo Césarman. 
250 |a 2a edición 
264 1 |a México :  |b Gernika,  |c 1992 
300 |a 268 p. 
336 |a texto  |b txt  |2 rdacontenido 
337 |a sin mediación  |b n  |2 rdamedio 
338 |a volumen  |b nc  |2 rdasoporte 
440 1 |a (Termodinámica Social ;  |v 1) 
520 |a Este volumen ofrece una visión integral sobre el conocimiento actual desde la perspectiva filosófica de la teoría de Sistemas. 
649 |a XX 
650 |a Entropía -  |x Tema Principal 
650 |a Teoría de Sistemas 
650 |a Epistemología 
650 |a Filosofía 
910 |a Fondo General 
920 |a Impresos - Libros 
930 |a Colección General 
905 |a 101 
901 |a 0410810100  |b IT1  |c ACC  |i 041081  |u 20250521 
902 |a https://opac.biblio.iteso.mx/vufind/Record/000041081